Countries Containing F - One Minute Sprint - Statistics

General Stats
  • This quiz has been taken 134 times
  • The average score is 4 of 7
Answer Stats
country % Correct
Finland
89%
France
88%
Fiji
85%
Afghanistan
65%
Burkina Faso
41%
South Africa
38%
Central African Republic
30%
No matching quizzes found
Score Distribution
Percent of People with Each Score
Percentile by Number Answered
Your Score History
You have not taken this quiz